Top 10 Schulfächer - Statistiken

Allgemein
  • Dieses Quiz wurde 379 mal gespielt
  • Das Durchschnittsergebnis liegt bei 9 aus 10
Antwortstatistiken
Hint Antwort % Korrekt
5. Mathe
100%
10. Deutsch
97%
4. Englisch
97%
1. Sport
97%
7. Chemie
91%
8. Physik
90%
6. Biologie
89%
3. Kunst
86%
2. Musik
78%
9. Geschichte
76%
Keine übereinstimmenden Quizze gefunden
Verteilung der Resultate
Anzahl Personen mit jedem Resultat
Perzentil nach korrekt beantworteten Fragen
Ihre Resultats-Entwicklung
Sie haben dieses Quiz noch nicht gespielt